000 00617nam a2200205 a 4500
001 BRCA_885
005 20190320203207.0
008 311005s1988----us-a---###---#000-0#eng-d
020 _a1850760780
050 4 _aNK5306
_b.M67 1988
100 1 _aMorris, Elizabeth
_92946
245 1 0 _aStained and Decoratyive Glass
_cElizabeth Morris.
260 _aHong Kong
_bThe Apple Press
_c1988
300 _a128 p.
_bil. a color
_c29 cm.
500 _aIncluye índice alfabético
650 1 4 _aVitrales
_xTécnica y ornamentación
_92947
650 1 4 _aArtesanías en vidrio
_vCatálogos
_92948
653 0 _aVidrio
942 _2lcc
_cB
999 _c779
_d779